Ley hipotecaria reformada y reglamento general para su ejecucion (Record no. 153768)

MARC details
000 -LEADER
campo de control de longitud fija 00869nam a22001935i 4500
001 - NÚMERO DE CONTROL
campo de control 153768
003 - IDENTIFICADOR DE NÚMERO DE CONTROL
campo de control ES-MaACL
005 - FECHA Y HORA DE LA ÚLTIMA TRANSACCIÓN
campo de control 20250827062632.0
008 - DATOS DE LONGITUD FIJA--INFORMACIÓN GENERAL
campo de control de longitud fija 990625s1877 sp l |||| | spa d
040 ## - FUENTE DE CATALOGACIÓN
Centro catalogador/agencia de origen CCPB | B
Lengua de catalogación spa
Centro/agencia transcriptor CCPB | B
110 1# - ENTRADA PRINCIPAL--NOMBRE DE ENTIDAD CORPORATIVA
Nombre de entidad corporativa o nombre de jurisdicción como elemento de entrada España
9 (RLIN) 3622
240 10 - TÍTULO UNIFORME
Título uniforme Ley hipotecaria, 1861
245 10 - MENCIÓN DEL TÍTULO
Título Ley hipotecaria reformada y reglamento general para su ejecucion
Resto del título : seguida de un apendice con la coleccion de leyes, reales decretos, reales ordenes y circulares de la Direccion general de los Registros civil y de la propiedad y del Notariado, que se hallan vigentes y se han publicado desde 1871 a 1876.
250 ## - MENCION DE EDICION
Mención de edición 2ª ed. oficial.
260 ## - PUBLICACIÓN, DISTRIBUCIÓN, ETC.
Lugar de publicación, distribución, etc. Madrid :
Nombre del editor, distribuidor, etc. [s.n.],
Fecha de publicación, distribución, etc. 1877 (
Fabricante Imprenta del Ministerio de Gracia y Justicia)
300 ## - DESCRIPCIÓN FÍSICA
Extensión [6], CLV, 402, [6] h. pleg. ;
Dimensiones 21 cm.
852 ## - LOCALIZACIÓN
Ubicación ES-MaACL
Número de control de estantería A-1782
Nota libre -- Enc. hol.
Holdings
Estatus retirado Estado de pérdida Estado de daño No para préstamo Colección Biblioteca de origen Biblioteca actual Ubicación en estantería Fecha de adquisición Fuente de adquisición Total de préstamos Signatura topográfica completa Código de barras Visto por última vez Precio de reemplazo Tipo de ítem Koha
        Libros del s. XIX Biblioteca del Ateneo de Madrid Biblioteca del Ateneo de Madrid Sala Pecera Planta 1 17/01/2008     A-1782 1160763 23/02/2023 23/02/2023 Libro impreso antiguo